• 首页
  • 本馆介绍
  • 公告通知
  • 最新文献
  • 馆藏检索
  • 电子资源
  • 读者荐购
  • 参考咨询
  • CALIS
  • 我的图书馆
  • 登录
  • 详细信息显示
  • 放入我的书架
  • 预约/预借图书
  • 作者相关作品
  • 分类相关作品
  • 丛书相关作品
  • 出版社相关作品

书目信息

  • 表格格式
  • 工作单格式
  • 卡片格式
题名:
新型电力系统下储能产业发展与优化配置研究
    
 
作者: 刘大正 , 王阳 , 李涛 著
分册:  
出版信息: 北京   电子工业出版社  2024.09
页数: 173页
开本: 24cm
丛书名:
单 册:
中图分类: F426.2
科图分类:
主题词: 储能--产业发展--研究--中国
电子资源:
ISBN: 978-7-121-48865-8
 
 
 
 
 
000 01239nam0 2200265 450
001 013222655
005 20251022180312.21
010    @a978-7-121-48865-8@dCNY99.00
100    @a20241104d2024 em y0chiy0120 ea
101 0  @achi
102    @aCN@b110000
105    @aa z 000yy
106    @ar
200 1  @a新型电力系统下储能产业发展与优化配置研究@9xin xing dian li xi tong xia chu neng chan ye fa zhan yu you hua pei zhi yan jiu@f刘大正,王阳,李涛著
210    @a北京@c电子工业出版社@d2024.09
215    @a173页@c图@d24cm
330    @a本书对国内外储能技术、产业发展现状及未来发展趋势进行了介绍,分析了储能在电源侧、电网侧和需求侧的应用潜力,对未来电力系统储能规模化应用场景进行模拟预测研究,并以蒙西地区为案例,对典型地区储能规模和优化配置进行研究与经济性分析,通过综合研判,研究提出了“双碳”目标下储能产业发展战略。
510 1  @aResearch on the development and optimal configuration of the energy storage industry in new electricity system@zeng
606 0  @a储能@x产业发展@x研究@y中国
690    @aF426.2@v5
701  0 @a刘大正@9liu da zheng@f(1989~)@4著
701  0 @a王阳@9wang yang@c(气候学)@4著
701  0 @a李涛@9li tao@c(能源经济学)@4著
801  0 @aCN@c20250910
905    @a河南城建学院图书馆@dF426.2@eL609@ZL609@f1
    
    新型电力系统下储能产业发展与优化配置研究/刘大正,王阳,李涛著.-北京:电子工业出版社,2024.09
    173页:图;24cm
    
    
    ISBN 978-7-121-48865-8:CNY99.00
    本书对国内外储能技术、产业发展现状及未来发展趋势进行了介绍,分析了储能在电源侧、电网侧和需求侧的应用潜力,对未来电力系统储能规模化应用场景进行模拟预测研究,并以蒙西地区为案例,对典型地区储能规模和优化配置进行研究与经济性分析,通过综合研判,研究提出了“双碳”目标下储能产业发展战略。
●
相关链接 在E读中查询图书 在当当中查询图书 在豆瓣中查询图书


正题名:新型电力系统下储能产业发展与优化配置研究     索取号:F426.2/L609         预约/预借

序号 登录号 条形码 馆藏地/架位号 状态 备注
1 1634690   216346906   社科库409/409社科库 35排6列5层/ [索取号:F426.2/L609] 在馆    
河南城建学院图书馆 欢迎您!
大连网信软件有限公司© 版权所有